Catálogo de periodistas españoles del siglo XX / (Record no. 94303)

MARC details
000 -LEADER
campo de control de longitud fija 00650nam a2200193 i 4500
001 - NÚMERO DE CONTROL
campo de control 94303
003 - IDENTIFICADOR DE NÚMERO DE CONTROL
campo de control ES-MaACL
005 - FECHA Y HORA DE LA ÚLTIMA TRANSACCIÓN
campo de control 20250825081321.0
007 - CAMPO FIJO DE DESCRIPCIÓN FÍSICA--INFORMACIÓN GENERAL
campo de control de longitud fija t|
008 - DATOS DE LONGITUD FIJA--INFORMACIÓN GENERAL
campo de control de longitud fija 050427s1981 sp ||||1| spa d
100 1# - ENTRADA PRINCIPAL--NOMBRE DE PERSONA
Nombre de persona López de Zuazo Algar, Antonio.
9 (RLIN) 73600
245 10 - MENCIÓN DEL TÍTULO
Título Catálogo de periodistas españoles del siglo XX /
Mención de responsabilidad, etc. por Antonio López de Zuazo Algar.
260 ## - PUBLICACIÓN, DISTRIBUCIÓN, ETC.
Lugar de publicación, distribución, etc. Madrid :
Nombre del editor, distribuidor, etc. A. López,
Fecha de publicación, distribución, etc. 1981 (
Fabricante Gráf. Chapado)
300 ## - DESCRIPCIÓN FÍSICA
Extensión 719 p. ;
Dimensiones 22 cm.
504 ## - NOTA DE BIBLIOGRAFÍA, ETC.
Nota de bibliografía, etc. Bibliografía: p. 703-705.
650 #7 - PUNTO DE ACCESO ADICIONAL DE MATERIA--TÉRMINO DE MATERIA
Término de materia o nombre geográfico como elemento de entrada Periodistas-
Subdivisión geográfica España-
Subdivisión cronológica S,XX-
Subdivisión general Biografías-
Subdivisión de forma Diccionarios
Fuente del encabezamiento o término
9 (RLIN) 165864
852 ## - LOCALIZACIÓN
Ubicación ES-MaACL
Número de control de estantería L-2813
Sublocalización o colección R.103673
Holdings
Estatus retirado Estado de pérdida Estado de daño No para préstamo Biblioteca de origen Biblioteca actual Ubicación en estantería Fecha de adquisición Fuente de adquisición Total de préstamos Signatura topográfica completa Código de barras Visto por última vez Precio de reemplazo Tipo de ítem Koha
        Biblioteca del Ateneo de Madrid Biblioteca del Ateneo de Madrid Depósito 2 17/01/2008     L-2813 1098494 23/02/2023 23/02/2023 Libro impreso